000 00749nam a2200229Ia 4500
001 14696
003 GE_BSU
008 181216s||||||||xx |||||||||||||| ||und||
040 _cGE_BSU
100 _aრუსთაველი,შოთა
245 _aვეფხისტყაოსანი
245 _bპოემა
245 _cრედ. შეს. წერ. და ლექსიკონი სარგის ცაიშვილისა
260 _aთბილისი
260 _bმერანი
260 _c1986
300 _a352გვ.20სმ.
300 _eლექსიკონი გვ 313-349
653 _aვეფხისტყაოსანი
653 _aპოემა
942 _cBK
999 _c47822
_d47822